Accounting for governmental and nonprofit entities
Chapter 1 through 9 of this text focus on accounting and financial reporting issues of governmental entities at the state and local levels that follow the reporting model pre-scribed by GASB. Chapters 10 and 11 are similar in that they describe how decision makers can use audited annual financial st...
שמור ב:
| מחבר ראשי: | |
|---|---|
| פורמט: | ספר |
| שפה: | Undetermined |
| יצא לאור: |
Boston
McGraw-Hill Irwin
2007
|
| נושאים: | |
| תגים: |
הוספת תג
אין תגיות, היה/י הראשונ/ה לתייג את הרשומה!
|
| Thư viện lưu trữ: | Trung tâm Học liệu Trường Đại học Cần Thơ |
|---|
| LEADER | 01033nam a2200229Ia 4500 | ||
|---|---|---|---|
| 001 | CTU_213995 | ||
| 008 | 210402s9999 xx 000 0 und d | ||
| 082 | |a 657.825 | ||
| 082 | |b W747 | ||
| 100 | |a Wilson, Earl R. | ||
| 245 | 0 | |a Accounting for governmental and nonprofit entities | |
| 245 | 0 | |c Earl R. Wilson, Susan C. Kattelus, Jacqueline L. Reck. | |
| 260 | |a Boston | ||
| 260 | |b McGraw-Hill Irwin | ||
| 260 | |c 2007 | ||
| 520 | |a Chapter 1 through 9 of this text focus on accounting and financial reporting issues of governmental entities at the state and local levels that follow the reporting model pre-scribed by GASB. Chapters 10 and 11 are similar in that they describe how decision makers can use audited annual financial statements,... | ||
| 650 | |a Finance, Public,Nonprofit organizations,Nonprofit organizations | ||
| 650 | |x Accounting,Accounting.,Accounting | ||
| 650 | |z United States | ||
| 904 | |i Tuyến | ||
| 910 | |a Sách kèm AVA.000490 | ||
| 980 | |a Trung tâm Học liệu Trường Đại học Cần Thơ | ||